Культурно мовленнєвий фон сучасної телевізійної реклами (Запис № 284005)

МАРК-запис
000 -LEADER
fixed length control field 01099nam a22001577a 4500
041 ## - LANGUAGE CODE
Language code of text/sound track or separate title ukr
080 ## - UNIVERSAL DECIMAL CLASSIFICATION NUMBER
Universal Decimal Classification number 09
090 ## - LOCALLY ASSIGNED LC-TYPE CALL NUMBER (OCLC); LOCAL CALL NUMBER (OCLC)
Local cutter number (OCLC) ; Book number/undivided call number, CALL (RLIN) КАР
100 ## - MAIN ENTRY--PERSONAL NAME
Personal name Кардаш
245 ## - TITLE STATEMENT
Title Культурно мовленнєвий фон сучасної телевізійної реклами
260 ## - PUBLICATION, DISTRIBUTION, ETC. (IMPRINT)
Place of publication, distribution, etc Острог
Name of publisher, distributor, etc КАФ
Date of publication, distribution, etc 2008
300 ## - PHYSICAL DESCRIPTION
Extent 41
520 ## - SUMMARY, ETC.
Summary, etc Вступ<br/>Розділ 1. Культура і мовлення.<br/>1.1. Поняття про літературну мову.<br/>1.2. Комунікативна доцільність мови.<br/>1.3. Мовний аспект.<br/>Розділ 2. Культура та техніка мовлення в телевізійні рекламі.<br/>2.1.Сутність та поняття сучасної телевізійної реклами.<br/>2.2. Мова сучасних телевізійних ЗМІ.<br/>2.3. Мова реклами.<br/>Розділ 3. Анааліз мовної культури сучасної телевізійної реклами.<br/>Висновки.
-- культура, мовлення
650 ## - SUBJECT ADDED ENTRY--TOPICAL TERM
Topical term or geographic name as entry element Research Papers
942 ## - ADDED ENTRY ELEMENTS (KOHA)
Koha item type Книги
Фонди
Withdrawn status Lost status Source of classification or shelving scheme Damaged status Not for loan Home library Current library Date acquired Source of acquisition Cost, normal purchase price Total Checkouts Full call number Barcode Date last seen Price effective from Koha item type
    Universal Decimal Classification     ВІЛ - Відділ іноземн. літератури НБ ВІЛ - Відділ іноземн. літератури НБ 17/04/2009 Акт №2 1.00   09 213609 15/12/2021 17/04/2009 Книги